000 00487nam a2200157 i 4500
001 74442
003 ES-MaACL
005 20230906172132.0
007 t|
008 040920s1922 sp ||||1| spa d
100 1 _aGonzález y Martínez, Jerónimo.
_959036
245 1 3 _aEl Derecho real de superficie
_b: conferencias /
_cpor Jerónimo González Martínez.
260 _aMadrid :
_b[s.n.,
_c1922] (
_fTalleres Poligráficos)
300 _a175 p. ;
_c20 cm.
852 _aES-MaACL
_jF-11658
999 _c74442
_d74442